Top 20 beliebtesten Vornamen 2002 - Statistiken

Allgemein
  • Dieses Quiz wurde 52 mal gespielt
  • Das Durchschnittsergebnis liegt bei 18 aus 20
Antwortstatistiken
📍 Vorname % Korrekt
D.v.d David
100%
J.n ♂️ Jan
100%
M.x.m.l..n Maximilian
100%
N.k..s Niklas
100%
D.n..l Daniel
98%
An.a Anna
95%
J.n.s Jonas
95%
L.k.s Lukas
95%
Le.n Leon
93%
Pa.l Paul
93%
Al..a.d.r Alexander
90%
J.l.a Julia
90%
S.p..e Sophie
88%
L.a ♀️ Lea
83%
S.r.h Sarah
80%
L.u.a Laura
78%
M.r.a Maria
78%
M.c..l.e Michelle
76%
Le.a Lena
73%
M.r.e Marie
71%
Keine übereinstimmenden Quizze gefunden
Verteilung der Resultate
Anzahl Personen mit jedem Resultat
Perzentil nach korrekt beantworteten Fragen
Ihre Resultats-Entwicklung
Sie haben dieses Quiz noch nicht gespielt